[Event "65th Ann FPX Festival"]
[Site "Sao Paulo BRA"]
[Date "2006.10.19"]
[Round "5"]
[White "Cordova,Em"]
[Black "Leitao,R"]
[Result "1/2-1/2"]
[WhiteElo "2482"]
[BlackElo "2601"]

1.d4 Nf6 2.Bg5 d5 3.e3 c6 4.Nd2 Nbd7 5.f4 e6 6.Ngf3 Be7 7.Bd3 b6 8.Ne5 Bb7
9.O-O c5 10.c3 O-O 11.Qf3 Ne8 12.Qh3 f5 13.Ndf3 Ndf6 14.dxc5 bxc5 15.b4 a5
16.bxc5 Bxc5 17.Nd4 Bxd4 18.cxd4 Ba6 19.Bxa6 Rxa6 20.Rfc1 Nd6 21.Rc2 Nde4
22.Rac1 Rb6 23.Qf3 Nxg5 24.fxg5 Nd7 25.Nxd7 Qxd7 26.Qf4 Qd6 27.Qxd6 Rxd6
28.Rb1 Rd7 29.Rb6 Re8 30.Rc5 e5 31.dxe5 Rxe5 32.Kf2 Rde7 33.Rb3 Kf7 34.Rxa5 Kg6
35.h4 Kh5 36.g3 Kg4 37.Rc5 Ra7 38.a3 h6 39.gxh6 gxh6 40.Rd3 Rb7 41.Rd4+ Re4
42.Rcxd5 Rb2+ 43.Rd2 Rb3 44.R5d3 Rb1 45.Re2 Ra1 46.Rd6 Kh3 47.Rxh6 Rg4 48.h5 Rxa3
49.Rf6 Rxg3 50.Rxf5 Rg2+ 51.Kf3 Rg3+ 52.Kf2 Rg2+ 53.Kf1 Ra1+ 54.Re1 Raa2
55.h6 Kh2 56.Rh5+ Kg3 57.Rg5+ Kf3  1/2-1/2

[Event "III Open"]
[Site "Calvia ESP"]
[Date "2006.10.21"]
[Round "2"]
[White "Vianello,E"]
[Black "Betancourt,D"]
[Result "1/2-1/2"]
[WhiteElo "2164"]
[BlackElo "2250"]

1.d4 Nf6 2.Bg5 d5 3.Bxf6 exf6 4.e3 Bd6 5.g3 O-O 6.Bg2 c6 7.Ne2 Bf5 8.O-O Re8
9.Nd2 Na6 10.a3 Nc7 11.b3 Qe7 12.Qc1 Bg4 13.Re1 Nb5 14.Nb1 Qe6 15.c4 dxc4
16.bxc4 Bxe2 17.Rxe2 Nxd4 18.Rb2 Nf5 19.Rxb7 Bc5 20.Bh3 Qe5 21.Qb2 Nd6 22.Qxe5 Rxe5
23.Rc7 Nxc4 24.Rxc6 Rd8 25.Nc3 Na5 26.Rc7  1/2-1/2

[Event "TCh-FIN 2006-7"]
[Site "Tampere FIN"]
[Date "2006.10.21"]
[Round "3"]
[White "Karttunen,M"]
[Black "Sepp,O"]
[Result "1/2-1/2"]
[WhiteElo "2422"]
[BlackElo "2471"]

1.d4 Nf6 2.Bg5 d5 3.Nd2 c6 4.e3 Bg4 5.Be2 Bxe2 6.Nxe2 Nbd7 7.O-O e6 8.c4 Be7
9.Qb3 Qb6 10.c5 Qa6 11.Qd1 b6 12.b4 O-O 13.Nc3 Qd3 14.Rc1 bxc5 15.bxc5 e5
16.Qc2 Qxc2 17.Rxc2 exd4 18.exd4 Rfb8 19.Nf3 Bd8 20.Rcc1 Ba5 21.Bxf6 gxf6
22.Nd1 Nf8 23.Ne3 Rb2 24.Rb1 Rab8 25.Rxb2 Rxb2 26.Nf5 Ng6 27.a4 Kf8 28.g3 Ke8
29.Ra1 Kd7 30.Kg2 Nf8 31.h4 Ne6 32.h5 Bc3 33.Ra3 Bb4 34.Re3 a5 35.Nh2 Bd2
36.Re2 Bc3 37.Rxb2 Bxb2 38.Nf3 Nc7 39.Kf1 Na6 40.Ke2 Bc3 41.Kd3 Bb4 42.Kc2 Nc7
43.Ne3 Ne6 44.Ng4 Ke7 45.Kd3 Ng7 46.h6 Nf5 47.Kc2 Ke6 48.Kb3 Ke7 49.Kb2 Ke6
50.Kc2 Ke7 51.Kd3 Ke6 52.Kc2  1/2-1/2

[Event "10th Essent Open"]
[Site "Hoogeveen NED"]
[Date "2006.10.22"]
[Round "3"]
[White "Mamedjarova,Z"]
[Black "Khairullin,I"]
[Result "1/2-1/2"]
[WhiteElo "2318"]
[BlackElo "2543"]

1.d4 Nf6 2.Bg5 d5 3.Nd2 Nbd7 4.e3 e5 5.dxe5 Nxe5 6.Ngf3 a6 7.Bh4 Nxf3+ 8.Nxf3 Be7
9.Be2 O-O 10.O-O Be6 11.Nd4 Bd7 12.c4 dxc4 13.Bxc4 Ne4 14.Bxe7 Qxe7 15.Qc2 c5
16.Ne2 Bc6 17.Nf4 Rfd8 18.Rad1 Nf6  1/2-1/2

[Event "14th Chigorin Mem"]
[Site "St-Petersburg RUS"]
[Date "2006.10.23"]
[Round "1"]
[White "Mingachev,M"]
[Black "Zontakh,A"]
[Result "1/2-1/2"]
[WhiteElo "2406"]
[BlackElo "2569"]

1.d4 Nf6 2.Bg5 d5 3.Bxf6 exf6 4.g3 c6 5.Nf3 Bd6 6.Bg2 O-O 7.O-O Nd7 8.Nbd2 f5
9.c4 f4 10.Qb3 a5 11.cxd5 a4 12.Qd3 cxd5 13.Rac1 Re8 14.Nb1 Nf6 15.Nc3 g6
16.Ne5 fxg3 17.hxg3 Ra5 18.Rfd1 Bf5 19.Qd2 Qb6 20.a3 Kg7 21.Bf3 h5 22.Bg2 Be6
23.e3 Raa8 24.Re1 Qa5 25.Qd3 Bf5 26.Qb5 Qxb5 27.Nxb5 Bxe5 28.dxe5 Rxe5 29.Rc7 b6
30.Rb7  1/2-1/2

[Event "14th Chigorin Mem B"]
[Site "St-Petersburg RUS"]
[Date "2006.10.23"]
[Round "1"]
[White "Butylkin,A"]
[Black "Nezbailo,D"]
[Result "1/2-1/2"]
[WhiteElo "2174"]
[BlackElo "2039"]

1.d4 Nf6 2.Bg5 g6 3.Bxf6 exf6 4.e3 Bg7 5.Ne2 O-O 6.h4 d5 7.Nf4 c6 8.c4 Re8
9.h5 Qd6 10.g3 g5 11.c5 Qe7 12.Nd3 Qe4 13.Rh2 Qxd4 14.Be2 Qe4 15.Nc3 Qe7
16.h6 Bf8 17.Kf1 Bf5 18.g4 Bg6 19.Rh3 Nd7 20.b4 Ne5 21.Nb2 f5 22.f4 fxg4
23.Rg3 gxf4 24.exf4 Qf6 25.Bxg4 Qxf4+ 26.Kg2 Bxh6 27.Be2 Qxb4 28.Nba4 Bf4
29.a3 Qa5 30.Rh3 Nd7 31.Bd3 Nxc5 32.Bxg6 hxg6 33.Qf3 Ne6 34.Rah1 Kf8 35.Rh4 g5
36.Rh7 Ke7 37.R1h6 d4 38.Ne4 Rf8 39.Rxe6+ Kxe6 40.Nec5+ Kf6 41.Qe4 Qd2+ 42.Kf1 Qd1+
43.Kg2 Qg4+ 44.Kf1 Rh8 45.Qxd4+ Ke7 46.Qe4+ Kf6 47.Qd4+ Ke7 48.Qe4+ Kf6  1/2-1/2

[Event "WYG16"]
[Site "Batumi GEO"]
[Date "2006.10.25"]
[Round "8"]
[White "Bokuchava,M"]
[Black "Ignacz,M"]
[Result "1/2-1/2"]
[WhiteElo "2071"]
[BlackElo "2288"]

1.d4 Nf6 2.Bg5 d5 3.Bxf6 exf6 4.e3 Be6 5.Bd3 c6 6.Ne2 g6 7.Nd2 Bg7 8.O-O O-O
9.c4 dxc4 10.Nxc4 f5 11.Nf4 Bxc4 12.Bxc4 Nd7 13.Rc1 Nf6 14.b4 Qb6 15.Qb3 Ne4
16.Rfd1 Nd6 17.d5 Nxc4 18.Qxc4 cxd5 19.Nxd5 Qe6 20.Qb5 Rab8 21.Rc7 a6 22.Qc4 Rfd8
23.g3 Re8 24.Qc5 Bf8  1/2-1/2

[Event "10th Essent Open"]
[Site "Hoogeveen NED"]
[Date "2006.10.27"]
[Round "8"]
[White "Ly,M"]
[Black "Swinkels,R"]
[Result "1/2-1/2"]
[WhiteElo "2274"]
[BlackElo "2378"]

1.d4 Nf6 2.Bg5 d5 3.Bxf6 exf6 4.e3 Be6 5.Nd2 f5 6.Ngf3 Nd7 7.c4 c6 8.Qc2 g6
9.Bd3 Bd6 10.O-O O-O 11.Rab1 Qe7 12.c5 Bc7 13.b4 a6 14.a4 Nf6 15.Rfe1 Ne4
16.Nf1 Bd7 17.N3d2 Rfe8 18.f3 Nxd2 19.Qxd2 Qf6 20.f4 h6 21.Qf2 Kg7 22.Rb2 Qe6
23.Reb1 Ra7 24.Re2 Qe7 25.Ra2 Rea8  1/2-1/2

[Event "14th Chigorin Mem B"]
[Site "St-Petersburg RUS"]
[Date "2006.10.28"]
[Round "7"]
[White "Sichinava,Z"]
[Black "Fedoseev,S"]
[Result "1-0"]
[WhiteElo "2092"]
[BlackElo "2277"]

1.d4 Nf6 2.Bg5 c5 3.Bxf6 gxf6 4.c3 cxd4 5.cxd4 d5 6.Nc3 Nc6 7.e3 Bg7 8.Bd3 e5
9.Nge2 Be6 10.O-O O-O 11.f4 exd4 12.exd4 f5 13.Kh1 Kh8 14.g4 fxg4 15.f5 Bc8
16.Qd2 Qh4 17.Nxd5 g3 18.Nxg3 Qxd4 19.Nc7 Bd7 20.f6 Ne5 21.fxg7+ Kxg7 22.Qg5+ Ng6
23.Nd5 f6 24.Qf5 Bc6 25.Be4 Qxb2 26.Nh5+ Kh8 27.Nhxf6 Bxd5 28.Bxd5 Rad8 29.Rab1 Qxf6
30.Qxf6+ Rxf6 31.Rxf6 Rxd5 32.Rxb7 Rd1+ 33.Kg2 Rd2+ 34.Rf2 Nf4+ 35.Kf3 Rd4
36.Ke3 Ne6 37.Rf8+  1-0

[Event "14th Chigorin Mem B"]
[Site "St-Petersburg RUS"]
[Date "2006.10.28"]
[Round "7"]
[White "Krasnov,Vas"]
[Black "Tjolsen,K"]
[Result "1-0"]
[WhiteElo "2172"]
[BlackElo "2051"]

1.d4 Nf6 2.Bg5 c5 3.Bxf6 exf6 4.c3 d5 5.dxc5 Bxc5 6.e3 Nc6 7.Nd2 O-O 8.Nb3 Bb6
9.Ne2 Bg4 10.h3 Bxe2 11.Bxe2 Ne5 12.a4 Nc4 13.Bxc4 dxc4 14.Qxd8 Raxd8 15.Nd2 Rc8
16.a5 Bd8 17.Ra4 Rc5 18.Nxc4 Bc7 19.Ke2 Rd8 20.Rha1 f5 21.g3 Rdd5 22.h4 Kf8
23.Rb4 Ke8 24.Rxb7 Rxc4 25.Rxa7 Rb5 26.Ra2 Bb8 27.Ra8 Rc7 28.Kd3 Rd5+ 29.Kc2 Rb5
30.Ra4 Kd7 31.c4 Kc6 32.Kb1 Rb3 33.a6 Ra7 34.Rxa7 Bxa7 35.Kc2 Rb8 36.b4 g6
37.Kc3 Rd8 38.Ra1 Rd7 39.c5 Kc7 40.h5 g5 41.h6 Re7 42.Kc4 Re4+ 43.Kb5 Re6
44.Rh1 Re5 45.Rh5 f6 46.Rh1 Rd5 47.Re1 Bb8 48.Re2 Ba7 49.f4 g4 50.e4 fxe4
51.Rxe4 f5 52.Re6 Kd7 53.Rf6 Ke7 54.Rc6 Kd7 55.Rg6 Kc7 56.Rg7+ Rd7 57.Kc4 Kc8
58.b5 Rc7 59.Rxc7+  1-0

[Event "Bundesliga 2006-7"]
[Site "Tegel GER"]
[Date "2006.10.28"]
[Round "1"]
[White "Von Herman,U"]
[Black "Hansen,Cu"]
[Result "1/2-1/2"]
[WhiteElo "2332"]
[BlackElo "2612"]

1.d4 Nf6 2.Bg5 c5 3.Bxf6 gxf6 4.d5 Qb6 5.Qc1 Bg7 6.g3 f5 7.c3 d6 8.Nd2 O-O
9.Nh3 Nd7 10.Nf4 Nf6 11.e3 e5 12.dxe6 fxe6 13.Bg2 Bd7 14.Qc2 Rfe8 15.h3 Bc6
16.Bxc6 Qxc6 17.Rg1 d5 18.g4 e5 19.g5 exf4 20.gxf6 Qxf6 21.O-O-O d4 22.Qb3+ Kh8
23.Nc4 fxe3 24.fxe3 dxe3 25.Qxb7 e2 26.Rde1 Rad8 27.Rg2 Bh6+ 28.Kc2 Qh4 29.Qc6 Bg7
30.Nd6 Qxe1 31.Nf7+ Kg8 32.Nh6+ Kh8 33.Nf7+ Kg8 34.Nh6+  1/2-1/2

[Event "14th Chigorin Mem B"]
[Site "St-Petersburg RUS"]
[Date "2006.10.29"]
[Round "8"]
[White "Valov,I"]
[Black "Eidelson,R"]
[Result "0-1"]
[WhiteElo "2298"]
[BlackElo "2176"]

1.d4 Nf6 2.Bg5 c5 3.Nc3 cxd4 4.Qxd4 Nc6 5.Qd2 e6 6.e4 h6 7.Bf4 Bb4 8.f3 d5
9.Bb5 O-O 10.Rd1 Qa5 11.Bxc6 bxc6 12.Nge2 dxe4 13.a3 Bxc3 14.Qxc3 Qxc3+ 15.Nxc3 exf3
16.gxf3 e5 17.Be3 Be6 18.Rg1 Kh7 19.Kf2 Nd5 20.Bd2 Bf5 21.Ne4 Rfd8 22.Ba5 Nb6
23.b3 Rd5 24.Rxd5 cxd5 25.Nd6 Bxc2 26.Nxf7 Bxb3 27.Nxe5 d4 28.Nc6 Nc4 29.Bb4 a5
30.Bc5 d3 31.Bd4 g5 32.h4 d2 33.hxg5 hxg5 34.Rh1+ Kg6 35.Ne7+ Kf7 36.Nf5 d1=Q
37.Rh7+ Ke6 38.Rh6+ Kd7  0-1

[Event "Open A"]
[Site "Le Touquet FRA"]
[Date "2006.10.30"]
[Round "3"]
[White "Claverie,C"]
[Black "Vallet,Ma"]
[Result "1/2-1/2"]
[WhiteElo "2314"]
[BlackElo "2177"]

1.d4 Nf6 2.Bg5 d5 3.Bxf6 exf6 4.e3 Bd6 5.c4 dxc4 6.Bxc4 f5 7.Nc3 O-O 8.Qc2 Nd7
9.Nf3 c6 10.h3 Nf6 11.g4 fxg4 12.hxg4 Bxg4 13.Ne5 Bh5 14.f4 g6 15.Qg2 Kg7
16.Qg5 c5 17.dxc5 Bxc5 18.Bxf7 Rxf7 19.Nxf7 Qb6 20.Nh6 Qxb2 21.Nf5+ Kf7 22.Nh6+ Kg7
23.Nf5+ Kf7 24.Nh6+  1/2-1/2

[Event "Open"]
[Site "Santo Domingo DOM"]
[Date "2006.11.02"]
[Round "5"]
[White "De Oleo,A"]
[Black "Carrion,M"]
[Result "0-1"]
[WhiteElo "2143"]
[BlackElo "2197"]

1.d4 Nf6 2.Bg5 d5 3.Nf3 Bf5 4.e3 Nbd7 5.c4 e6 6.Nc3 c6 7.Be2 h6 8.Bf4 Nh5
9.Ne5 Nxf4 10.exf4 Nxe5 11.dxe5 dxc4 12.Bxc4 Qxd1+ 13.Rxd1 Rd8 14.O-O Bb4
15.Ne2 Ke7 16.a3 Bd2 17.h3 Bc2 18.Ra1 b5 19.Ba2 Bd3 20.Rfe1 Bxe1 21.Rxe1 Bxe2
22.Rxe2 Rd1+ 23.Kh2 Rhd8 24.Kg3 R1d2  0-1

[Event "Open A"]
[Site "Le Touquet FRA"]
[Date "2006.11.03"]
[Round "9"]
[White "Claverie,C"]
[Black "Saatdjian,T"]
[Result "1-0"]
[WhiteElo "2314"]
[BlackElo "2174"]

1.d4 Nf6 2.Bg5 c5 3.d5 Ne4 4.Bc1 e5 5.Nd2 Nxd2 6.Bxd2 d6 7.e4 a6 8.a4 Be7
9.Bd3 Bg5 10.Nf3 Bxd2+ 11.Nxd2 Nd7 12.Ra3 O-O 13.Nc4 Qc7 14.O-O Rb8 15.a5 Nf6
16.Rb3 Bd7 17.Rb6 Bb5 18.Nxd6 Bxd3 19.cxd3 Nd7 20.Nc4 Nxb6 21.Nxb6 f5 22.Qc2 Rf6
23.b4 f4 24.Qxc5 Qf7 25.f3 Rh6 26.Rc1 Qh5 27.h3 Rg6 28.Kf1 Rg3 29.Rc2 Rf8
30.d6 Rxf3+ 31.gxf3 Qxf3+ 32.Ke1 Qxd3 33.Qd5+  1-0

[Event "VII Rapid"]
[Site "El Sauzal ESP"]
[Date "2006.11.04"]
[Round "5"]
[White "Pizarro Segura,E"]
[Black "Komljenovic,D"]
[Result "0-1"]
[WhiteElo "2180"]
[BlackElo "2487"]

1.d4 Nf6 2.Bg5 c5 3.d5 d6 4.Nf3 Nbd7 5.g3 b5 6.Bg2 Bb7 7.c4 bxc4 8.Nc3 g6
9.Bxf6 Nxf6 10.Qa4+ Nd7 11.O-O Bg7 12.Rad1 O-O 13.Qxc4 Qa5 14.Rfe1 Rab8 15.Qh4 Rfe8
16.Bh3 Ne5 17.Ng5 h6 18.Nge4 f5 19.Nd2 Ba6 20.e4 Rxb2  0-1

[Event "British Rapidplay"]
[Site "Halifax ENG"]
[Date "2006.11.04"]
[Round "1"]
[White "Fowler,S"]
[Black "Hebden,M"]
[Result "0-1"]
[WhiteElo "2201"]
[BlackElo "2545"]

1.d4 Nf6 2.Bg5 d5 3.Nd2 c5 4.e3 cxd4 5.exd4 Qb6 6.Ngf3 Ne4 7.Nxe4 dxe4 8.Ne5 Nc6
9.Nxc6 bxc6 10.Be2 g6 11.Qd2 Qxb2 12.O-O Bg7 13.Rfd1 Rb8 14.Bc4 Qb4 15.Qe2 O-O
16.Bf4 Rb6 17.a3 Qc3 18.Bb3 Bxd4 19.Qxe4 Bf6 20.Be3 Bf5 21.Qa4 Rbb8 22.Qxa7 Bxc2
23.Bxc2 Qxc2 24.Rac1 Qe4 25.Qc5 Rfd8 26.Rxd8+ Rxd8 27.h3 Bb2 28.Rc4 Rd1+
29.Kh2 Qe5+ 30.Qxe5 Bxe5+ 31.f4 Bd6 32.Rxc6 Bxa3 33.Bc5 Bxc5 34.Rxc5 e6 35.Kg3 h5
36.Kh4 Rh1 37.Kg5 Kg7 38.Kh4 Rg1 39.g4 Rd1 40.Rc7 Rd3 41.Kg5 Rd4 42.Rb7 Kf8
43.Kf6 Rxf4+ 44.Kg5  0-1

[Event "Open"]
[Site "Santo Domingo DOM"]
[Date "2006.11.04"]
[Round "7"]
[White "De Oleo,A"]
[Black "De los Santos,E"]
[Result "0-1"]
[WhiteElo "2143"]
[BlackElo "2191"]

1.d4 Nf6 2.Bg5 g6 3.Nd2 Bg7 4.e4 d6 5.Bd3 O-O 6.f4 c5 7.c3 cxd4 8.cxd4 Qb6
9.Nb3 e5 10.Nf3 exf4 11.Bxf4 Nxe4 12.O-O d5 13.Kh1 Nc6 14.Rc1 Bg4 15.h3 Bxf3
16.Qxf3 f5 17.Rfd1 Rac8 18.Bxe4 fxe4 19.Qg4 Rf5 20.Be5 Rcf8 21.Bxg7 Kxg7
22.Rd2 Rf1+ 23.Rxf1 Rxf1+ 24.Kh2 Qc7+ 25.g3 Qf7 26.Nc5 Nxd4 27.Kg2 Nf5 28.Re2 Rf3
29.Kh2 Nd4 30.Rg2 Rf1  0-1

[Event "Open"]
[Site "Santo Domingo DOM"]
[Date "2006.11.04"]
[Round "7"]
[White "Montalvo,A"]
[Black "Moreta,A"]
[Result "1-0"]
[WhiteElo "2218"]
[BlackElo "2046"]

1.d4 Nf6 2.Bg5 d5 3.Bxf6 exf6 4.e3 c6 5.c4 Bb4+ 6.Nc3 O-O 7.Qb3 Ba5 8.cxd5 cxd5
9.Ne2 Nc6 10.Nf4 Re8 11.Be2 Qe7 12.O-O a6 13.Bf3 Qc7 14.Nfxd5 Qd6 15.Ne4 Rxe4
16.Bxe4 Be6 17.Qxb7 Re8 18.Qxc6  1-0

[Event "TCh-BEL 2006-7"]
[Site "Belgium BEL"]
[Date "2006.11.05"]
[Round "3"]
[White "Goossens,E"]
[Black "Verlinde,T"]
[Result "1-0"]
[WhiteElo "2219"]
[BlackElo "2070"]

1.d4 Nf6 2.Bg5 c5 3.d5 d6 4.Nc3 Qa5 5.Bxf6 gxf6 6.e4 Bg7 7.Bb5+ Kf8 8.Nf3 a6
9.Bd3 b5 10.O-O Bg4 11.a4 b4 12.Nb1 Nd7 13.Nbd2 Ne5 14.Be2 Bxf3 15.Bxf3 Bh6
16.Be2 Bxd2 17.Qxd2 c4 18.Qd4 Rc8 19.f4 Nd7 20.Bxc4 Qc5 21.Qxc5 Nxc5 22.a5 Rg8
23.Rae1 Rc7 24.Rf3 Nb7 25.Bd3 Nxa5 26.Ra1 Rc5 27.c3 bxc3 28.b4 Nb3 29.bxc5 Nxa1
30.c6 e5 31.Bb1 c2 32.Bxc2 Ke7 33.Ba4 Rb8 34.c7 Rc8 35.Rc3  1-0

[Event "British Rapidplay"]
[Site "Halifax ENG"]
[Date "2006.11.05"]
[Round "9"]
[White "Walton,A"]
[Black "Kostic,Mis"]
[Result "0-1"]
[WhiteElo "2224"]
[BlackElo "2222"]

1.d4 Nf6 2.Bg5 c5 3.d5 Qb6 4.Nc3 Qxb2 5.Bd2 Qb6 6.e4 d6 7.f4 e6 8.Nf3 Be7
9.Bd3 Qd8 10.O-O O-O 11.Qe2 exd5 12.exd5 Re8 13.Qf2 b6 14.h3 Ba6 15.g4 Bxd3
16.cxd3 Na6 17.g5 Nh5 18.Qh4 g6 19.a3 f5 20.Rae1 Bf8 21.Rxe8 Qxe8 22.Re1 Qf7
23.Qf2 Nc7 24.Nh4 Re8 25.Rxe8 Qxe8 26.Qf3 Bg7 27.Ng2 b5 28.Ne2 Qf7 29.Ne3 Bd4
30.Qf2 Ne6 31.Qf3 a5 32.a4 b4 33.Kh1 Qf6 34.Kh2 Qe5 35.Kh1 b3 36.Qg2 Qe4
37.h4  0-1

[Event "TCh-ROM Divizia A Masculin"]
[Site "Predeal ROM"]
[Date "2006.11.05"]
[Round "2"]
[White "Danilov,I"]
[Black "Carmaciu,L"]
[Result "1-0"]
[WhiteElo "2367"]
[BlackElo "2430"]

1.d4 Nf6 2.Bg5 g6 3.Bxf6 exf6 4.e3 Bg7 5.g3 O-O 6.Bg2 d5 7.Ne2 c6 8.O-O Bf5
9.b3 Re8 10.c4 Be4 11.Nbc3 Bxg2 12.Kxg2 dxc4 13.bxc4 Nd7 14.Rb1 b6 15.a4 c5
16.d5 f5 17.Qb3 h5 18.h4 Bf6 19.Nf4 Ne5 20.Rh1 Ng4 21.Rbe1 a6 22.Nd1 b5 23.axb5 axb5
24.cxb5 Qa5 25.d6 Qa2 26.Qxa2 Rxa2 27.Re2 Rxe2 28.Nxe2 Be5 29.Ndc3 Bxd6 30.Rd1 Bf8
31.Nd5 Rb8 32.b6 Kg7 33.Nec3 Nf6 34.Rb1 Nxd5 35.Nxd5 Rb7 36.Ra1 c4 37.Ra7 Rb8
38.Rc7 Rd8 39.b7 Bd6 40.Rc8 Rd7 41.Nc7 Bxc7 42.Rxc7 Rxc7 43.b8=Q Rc5 44.Qd6 Rc8
45.Qd7 Rf8 46.Qd4+ f6 47.Qxc4 Rf7 48.Qc5 Rd7 49.f3 Rd2+ 50.Kh3 Rd7 51.g4 fxg4+
52.fxg4 hxg4+ 53.Kxg4 Kf7 54.h5 gxh5+ 55.Qxh5+ Kg7 56.Qc5 Kf7 57.Kf5 Re7
58.Qd5+ Kg7 59.Qg2+  1-0

[Event "OCF Nov FIDE Open"]
[Site "Stillwater USA"]
[Date "2006.11.05"]
[Round "5"]
[White "Latino,C"]
[Black "Movsisyan,M"]
[Result "0-1"]
[WhiteElo "2052"]
[BlackElo "2275"]

1.d4 Nf6 2.Bg5 g6 3.f3 Bg7 4.e4 O-O 5.Bd3 c5 6.Ne2 Qb6 7.O-O cxd4 8.Bc1 Nc6
9.Nd2 d5 10.exd5 Nxd5 11.Nc4 Qc5 12.a3 a6 13.b4 Qa7 14.Kh1 b5 15.Nb2 Rd8
16.Qe1 Bb7 17.Ng3 Ne3 18.Rf2 Ne5 19.Ne4 Bxe4 20.fxe4 Rac8 21.Ra2 N5g4 22.Rd2 Qc7
23.g3 Qc3 24.Nd1 Nxd1 25.Qxd1 Bh6 26.Qxg4 Bxd2 27.Bxd2 Qxd2 28.Qf4 Qe1+ 29.Qf1 Qxf1+
30.Bxf1 Ra8 31.a4 Rdb8 32.a5 Rc8 33.Kg2 Kg7 34.Bd3 Kf6 35.Kf3 Ke5 36.g4 Rc3
37.Ra1 Rac8 38.h4 Rxc2  0-1

[Event "FSGM November"]
[Site "Budapest HUN"]
[Date "2006.11.06"]
[Round "3"]
[White "Chernyshov,K"]
[Black "Berczes,D"]
[Result "0-1"]
[WhiteElo "2558"]
[BlackElo "2415"]

1.d4 Nf6 2.Bg5 d5 3.e3 c5 4.Bxf6 gxf6 5.c3 Nc6 6.Nd2 cxd4 7.cxd4 e5 8.Ngf3 h5
9.Bb5 e4 10.Ng1 h4 11.Ne2 Bd6 12.Nc3 a6 13.Ba4 Bc7 14.f3 Rg8 15.fxe4 Rxg2
16.Qf3 h3 17.exd5 Bg4 18.Qe4+ Kf8 19.dxc6 f5 20.Qxg4 fxg4 21.O-O-O Rxh2 22.Rhf1 g3
23.Nde4 g2 24.Rg1 bxc6 25.Bxc6 Rc8 26.Bb7 Rb8 27.Bxa6 Ba5 28.Bd3 Bxc3 29.bxc3 Qa5
30.Bc2 Qxa2 31.Kd2 Rb2 32.Rc1 Rh1  0-1

[Event "Ataturk Festival Open"]
[Site "Adana TUR"]
[Date "2006.11.07"]
[Round "2"]
[White "Samavat,M"]
[Black "Aroshidze,L"]
[Result "0-1"]
[WhiteElo "2061"]
[BlackElo "2522"]

1.d4 Nf6 2.Bg5 c5 3.d5 Qb6 4.Nc3 Qxb2 5.Bd2 Qb6 6.e4 d6 7.f4 g6 8.e5 Nfd7
9.Nf3 Bg7 10.e6 fxe6 11.Ng5 Nf8 12.Bb5+ Bd7 13.Bxd7+ Nbxd7 14.Rb1 Qa6 15.dxe6 Nf6
16.Qf3 O-O-O 17.Nf7 Nxe6 18.Qh3 d5 19.Ng5 Rd6 20.Nb5 Rb6 21.O-O Ne4 22.Nxe4 dxe4
23.Bc3 Bxc3 24.Nxc3 Rxb1 25.Rxb1 Qc4 26.Re1 Rd8 27.Rxe4 Rd1+ 28.Nxd1 Qxe4  0-1

[Event "NWAPA Rector Cup"]
[Site "St Petersburg RUS"]
[Date "2006.11.07"]
[Round "9"]
[White "Smirnov,Arte"]
[Black "Ivanov,Al3"]
[Result "1-0"]
[WhiteElo "2375"]
[BlackElo "2437"]

1.d4 Nf6 2.Bg5 c5 3.Bxf6 gxf6 4.d5 Qb6 5.Qc1 f5 6.c4 Bh6 7.e3 f4 8.exf4 Bxf4
9.Qxf4 Qxb2 10.Ne2 Qxa1 11.Nc3 Qb2 12.d6 Nc6 13.Bd3 b5 14.cxb5 Nb4 15.O-O Bb7
16.Bc4 e6 17.Qg5 Kf8 18.Qh6+ Kg8 19.Re1 Nd5 20.Bxd5 Bxd5 21.Qg5+ Kf8 22.Qh6+ Kg8
23.Re2  1-0

[Event "USCL Wildcard"]
[Site "ICC INT"]
[Date "2006.11.08"]
[Round "1"]
[White "Koons,N"]
[Black "Kiewra,K"]
[Result "0-1"]
[WhiteElo "2280"]
[BlackElo "2262"]

1.d4 Nf6 2.Bg5 c5 3.d5 Ne4 4.Bf4 Qb6 5.Bc1 g6 6.f3 Nf6 7.e4 Bg7 8.e5 Nh5
9.g4 Bxe5 10.gxh5 Bxb2 11.Bxb2 Qxb2 12.Nd2 Qe5+ 13.Ne2 Qxd5 14.hxg6 hxg6
15.c4 Qe5 16.f4 Qh5 17.Bg2 Nc6 18.Nf3 d6 19.Rb1 Qf5 20.O-O Qe4 21.Ng5 Qe3+
22.Kh1 Bg4 23.Bf3 Ne5 24.fxe5 Qxg5 25.Bxg4 Qxg4 26.Qa4+ Kf8 27.Qc2 Kg7 28.Rf2 dxe5
29.Rxb7 Qh4 30.Nc3 Rab8 31.Rxa7 Rb4 32.Qe2 Rh5 33.Ra4 Rb8 34.Rf1 Rbh8 35.Ne4 f5
36.Nxc5 Qf6 37.Ra6 Rxh2+ 38.Qxh2 Rxh2+ 39.Kxh2 Qh4+ 40.Kg2 Qg4+ 41.Kh2 Qe2+
42.Kg1 Qe3+ 43.Kh1 Qxc5 44.Rc1 Qe3 45.Rc2 Qe1+ 46.Kh2 Qh4+ 47.Kg1 Qg4+ 48.Kf2 Qd1  0-1

[Event "10th OIBM"]
[Site "Bad Wiessee GER"]
[Date "2006.11.10"]
[Round "7"]
[White "Czap,B"]
[Black "Belezky,A"]
[Result "0-1"]
[WhiteElo "2213"]
[BlackElo "2390"]

1.d4 Nf6 2.Bg5 d5 3.Bxf6 exf6 4.e3 Be7 5.Nd2 c6 6.c4 dxc4 7.Bxc4 O-O 8.Ngf3 Nd7
9.O-O f5 10.a4 c5 11.a5 Nf6 12.Qb3 Bd6 13.Rfd1 Qe7 14.Rac1 Rb8 15.Qa2 b5
16.axb6 axb6 17.dxc5 bxc5 18.Re1 Bb7 19.Red1 Ra8 20.Qb1 g6 21.Qc2 h6 22.Ra1 Ng4
23.Rxa8 Rxa8 24.Qb3 Qc7 25.g3 Rb8 26.Bd5 Bc8 27.Qa2 Nf6 28.Bc4 Bb7 29.Be2 Qc6
30.Nc4 Bc7 31.Na5 Bxa5 32.Qxa5 g5 33.Rc1 g4 34.Rxc5 Qe4 35.Qc7 Rc8 36.Qxc8+ Bxc8
37.Rxc8+ Kg7 38.Nd4 Nh7 39.Rc3 Ng5 40.Bf1 Nh3+ 41.Bxh3 gxh3 42.f3 Qb1+ 43.Kf2 Qh1
44.Nxf5+ Kh7 45.e4 Qxh2+ 46.Ke3 Qg1+ 47.Kf4 h2 48.Rc7 h1=Q 49.Rxf7+ Kg8 50.Rc7 Qf2
51.Ne7+ Kf8  0-1

[Event "10th OIBM"]
[Site "Bad Wiessee GER"]
[Date "2006.11.11"]
[Round "8"]
[White "Pitl,G"]
[Black "Hoffmann,Mi1"]
[Result "1/2-1/2"]
[WhiteElo "2380"]
[BlackElo "2477"]

1.d4 Nf6 2.Bg5 c5 3.Bxf6 gxf6 4.d5 Qb6 5.Qc1 f5 6.c4 Bg7 7.Nc3 d6 8.e3 Nd7
9.Qc2 Ne5 10.Nh3 h5 11.Be2 Bd7 12.O-O O-O-O 13.Rab1 Kb8 14.b4 Rc8 15.a3 h4
16.Rb3 Nxc4 17.Bxc4 cxb4 18.Na2 Qc7 19.Rc1 Ba4 20.Qb1 Bxb3 21.Qxb3 bxa3 22.Qxa3 Qd7
23.Qb3 Rc5 24.Rb1 Rhc8 25.Bf1 Bh6 26.Bb5 Rxb5 27.Qxb5 Qxb5 28.Rxb5 Rc2 29.Ra5 b6
30.Ra3 b5 31.g3 hxg3 32.Nb4 gxf2+ 33.Nxf2 Rc1+ 34.Kg2 Kb7 35.Nc6 Kb6 36.Nxe7 f4
37.e4  1/2-1/2

[Event "10th OIBM"]
[Site "Bad Wiessee GER"]
[Date "2006.11.11"]
[Round "8"]
[White "Uebele,P"]
[Black "Heinig,Wo"]
[Result "0-1"]
[WhiteElo "2177"]
[BlackElo "2364"]

1.d4 Nf6 2.Bg5 c5 3.Bxf6 gxf6 4.d5 Qb6 5.Qc1 d6 6.e3 Bg7 7.Ne2 f5 8.c3 Nd7
9.Na3 Nf6 10.Nf4 Bd7 11.Qc2 e5 12.dxe6 fxe6 13.O-O-O d5 14.Be2 O-O-O 15.Kb1 Ne4
16.Rc1 Nxc3+ 17.Ka1 Ba4 18.Qd3 Nd1 19.Rxc5+ Qxc5 20.Bxd1 Qc1+  0-1

[Event "Festival Prefeitura"]
[Site "Sao Paulo BRA"]
[Date "2006.11.11"]
[Round "1"]
[White "Rodriguez,And URU"]
[Black "Diamant,A"]
[Result "1-0"]
[WhiteElo "2496"]
[BlackElo "2396"]

1.d4 Nf6 2.Bg5 c5 3.Bxf6 gxf6 4.d5 Qb6 5.Qc1 f5 6.c4 Bg7 7.Nc3 Qb4 8.e3 Bxc3+
9.bxc3 Qb6 10.Bd3 Qf6 11.Ne2 d6 12.Qc2 e6 13.O-O Nd7 14.f4 Nb6 15.e4 Bd7
16.Ng3 fxe4 17.Nxe4 Qe7 18.dxe6 fxe6 19.f5 exf5 20.Rae1 fxe4 21.Rxe4 Be6
22.Qe2 O-O-O 23.Rxe6 Qg7 24.Re7 Qxc3 25.Qe6+ Rd7 26.Bf5 Qd4+ 27.Kh1 Rd8 28.Qf7 h6
29.h3 Kc7 30.Bxd7 Rxd7 31.Qe6 Kc6 32.Rxd7 Nxd7 33.Qe8 Kc7 34.Rf7 Qd1+ 35.Kh2 Qa4
36.Rh7 a6 37.h4 b6 38.h5 d5 39.Qe5+  1-0

[Event "Open"]
[Site "Liberec CZE"]
[Date "2006.11.12"]
[Round "2"]
[White "Karhanek,P"]
[Black "Najman,J"]
[Result "1-0"]
[WhiteElo "2241"]
[BlackElo "2070"]

1.d4 Nf6 2.Bg5 d5 3.e3 e6 4.Bd3 Nbd7 5.f4 c5 6.c3 Be7 7.Nd2 Rb8 8.a4 c4 9.Bc2 a6
10.Ngf3 h6 11.Bh4 Ng4 12.Bxe7 Qxe7 13.Qe2 b5 14.axb5 axb5 15.O-O O-O 16.e4 dxe4
17.Nxe4 Ngf6 18.Ne5 Bb7 19.Ra7 Qd8 20.Raa1 Nxe4 21.Bxe4 Bxe4 22.Qxe4 Nxe5
23.fxe5 Ra8 24.Rae1 Qb6 25.Re3 Ra2 26.Rg3 Rxb2 27.Qg4 g6 28.Qf4 Kh7 29.Rh3 h5
30.Qe4 Kg7 31.g4 hxg4 32.Rh4 Qd8 33.Rxg4 b4 34.Rf6 Qe8 35.Qb7 Kh6 36.Rh4+ Kg7
37.Rxg6+ Kxg6 38.Rg4+ Kh6 39.Qf3 Rb1+ 40.Kf2 Rb2+ 41.Ke3 f5 42.Qf4+ Kh7 43.Rh4+  1-0

[Event "ch-CRO"]
[Site "Kutina CRO"]
[Date "2006.11.14"]
[Round "4"]
[White "Brumen,D"]
[Black "Palac,M"]
[Result "0-1"]
[WhiteElo "2368"]
[BlackElo "2582"]

1.d4 Nf6 2.Bg5 d5 3.Bxf6 gxf6 4.g3 c5 5.e3 Qb6 6.Nc3 e6 7.Nge2 Qxb2 8.Rb1 Qa3
9.Bg2 cxd4 10.Qxd4 Be7 11.O-O Nc6 12.Qg4 Kf8 13.Qh5 h6 14.Rfd1 f5 15.Rb3 Qd6
16.Nf4 Qe5 17.Nce2 Qg7 18.f3 Qg5 19.Kf1 Na5 20.Rc3 Bf6 21.Rc7 Qxh5 22.Nxh5 Be5
23.Rc5 Nc4 24.Kf2 Ke7 25.e4 Bd6 26.Rb5 a6 27.Rb3 Bc5+ 28.Ke1 Ne3 29.Rxe3 Bxe3
30.exd5 exd5 31.Rxd5 Be6 32.Re5 Bb6 33.f4 Rac8 34.Ng7 Rc5 35.Nxf5+ Kf6 36.Nd6 Rxe5
37.fxe5+ Kxe5 38.Nxb7 Rc8 39.Kd2 Bd5  0-1

[Event "Bundesliga 2006-7"]
[Site "Koelln GER"]
[Date "2006.11.17"]
[Round "7"]
[White "Polaczek,R"]
[Black "Van den Doel,E"]
[Result "1-0"]
[WhiteElo "2423"]
[BlackElo "2578"]

1.d4 Nf6 2.Bg5 d5 3.Bxf6 gxf6 4.c4 e5 5.Nc3 Bb4 6.cxd5 Qxd5 7.Qa4+ Nc6 8.Qxb4 Nxb4
9.Nxd5 Nxd5 10.O-O-O Bf5 11.e3 O-O-O 12.Bc4 Be4 13.Nf3 Rd6 14.Nd2 Bxg2 15.Rhg1 Bh3
16.Bxd5 Rxd5 17.Ne4 exd4 18.Rxd4 Be6 19.Nxf6 Rxd4 20.exd4 Bxa2 21.Kc2 Be6
22.d5 Bf5+ 23.Kc3 c6 24.Rg5 Bd7 25.d6 h6 26.Ra5 a6 27.Kd4 Be6 28.Ke5 Kb8
29.f4 Rd8 30.b4 Bc8 31.Rc5 Ka7 32.Rc3 Kb6 33.Rc5 Ka7 34.Rc3 Kb6 35.Rd3 Bd7
36.Rg3 Kb5 37.Rb3 Kc4 38.Rb1 Kc3 39.h4 Be6 40.f5 Ba2 41.Rg1 Kxb4 42.Rg8 Rxd6
43.Kxd6 c5 44.Rc8 c4 45.Nd5+ Kb3 46.f6 b5 47.Rc7 b4 48.Rxf7 c3 49.Rc7  1-0